Responses for show #6578 - Wednesday, April 3, 2013

Rebecca Rider game 5.

Contestants

[<< previous game]

Scott Brill, a public library assistant from Shelton, Connecticut

Tara Curcio, a technical project manager from Medford, New Jersey

Rebecca Rider, an office supply sales assistant from Fresh Meadows, New York (whose 4-day cash winnings total $86,600)

[next game >>]

Jeopardy! Round responses

APRIL
SHOWERS
ENDS WITH DOUBLE E
NORTH CAROLINA
ALPHANUMERIC TERMS
1993: 20 YEARS AGO IN FILM
    $200 6
Jerusalem

Tara
    $200 25
bridal shower

Tara
    $200 19
the degree

Scott
    $200 1
(Tara: What is Raleigh?)

Charlotte

TaraScott
    $200 13
[Alex reads the last part as "ehh... uh oh".]

Y2K

Tara
    $200 2
Mrs. Doubtfire

Rebecca
    $400 7
(Scott: What is the National League?)

the American League

RebeccaScott
    $400 26
Psycho

Scott
    $400 21
(Tara: What is a groupie?)

a devotee

RebeccaTara
    $400 3
singing

Rebecca
    $400 14
V8

Tara
    $400 17
Grumpy Old Men

Rebecca
    $600 9
Chaplin & Hitler

Rebecca
    $600 27
caffeine

Scott
    $600 22
purée

Rebecca
    $600 4
the Blue Ridge Mountains

Rebecca
    $600 15
(Scott: Nope, sorry.)

MP3

TaraScott
    $600 12
(Scott: What is The Pianist?)

The Piano

TaraScott
    $800 10
Apollo 13

Tara
    $800 28
the meteor shower

Tara
    $800 23
apogee

Rebecca
    $800 5
Cape Fear

Tara
    $800 16
an AK-47

Scott
    $800 20
The Nightmare Before Christmas

Tara
    $1000 11
Camilla Parker Bowles

Scott
    $1000 29
Bing Crosby

Scott
    $1000 24
a settee

Scott
    $1000 8
Roanoke Island

Rebecca
    $3,600 18
(Rebecca: I've always wanted to say this--and everybody always says they always want to say this when they get up here--Alex, I'd like to make this a True Daily Double.)
...
(Rebecca: What is K6?)

K2

Rebecca
    $1000 30
Free Willy

Rebecca

Scores at the first commercial break (after clue 15):

Rebecca Tara Scott
$3,200 $3,400 -$400

Scores at the end of the Jeopardy! Round:

Rebecca Tara Scott
$2,800 $4,800 $3,600

Double Jeopardy! Round responses

POET, KNOW IT
NO. 1 HITS IN OTHER WORDS
QUICK PRESIDENTIAL STOPS
NATIONAL FLOWERS
GIMME 5!
"TAX" TIME
    $400 21
[Scott calls the category POET, DON'T KNOW IT when selecting this clue.]

Robert Burns

Rebecca
    $400 1
"I Write The Songs"

Tara
    $400 17
(Scott: [Smiling] I went to Gettysburg College.)

Pennsylvania

Scott
    $400 2
Ireland

Tara
    $400 22
the Warner Brothers

Tara
    $400 13
taxidermy

Rebecca
    $800 4
(Rebecca: ...[*]--what is [*]?)
(Alex: Oh boy, you got it in the nick of time. Way to go.)

"Don't Speak"

Rebecca
    $800 12
whistle-stop

Rebecca
    $800 3
(Scott: What is the chrysanthemum?)

the cherry blossom

RebeccaScott
    $800 24
(Alex: Less than a minute now.)

Jermaine

Rebecca
    $800 14
a tax shelter

Scott
    $1200 5
"Moves Like Jagger"

Rebecca
    $1200 18
Midland

Triple Stumper
    $1200 8
(fleur-)de-lis

Tara
    $1200 27
(Alex: Yeah, we'll accept that.)

climate zones

Tara
    $1200 15
syntax

Triple Stumper
    $1600 28
[The end-of-round signal sounds.]

Tennyson

Scott
    $1600 6
"Hey There Delilah"

Rebecca
    $1600 19
Vancouver

Triple Stumper
    $1600 9
edelweiss

Triple Stumper
    $1600 23
baron

Rebecca
    $1600 11
the taxiway

Scott
    $2000 25
(Scott: Who is Yeats?)
(Rebecca: Who is Ovid?)

John Keats

RebeccaScott
Triple Stumper
    $2000 7
"Say My Name"

Rebecca
    $2000 20
Burma (or Myanmar)

Scott
    $3,000 10
(Tara: What is Poland?)
(Alex: No. What is [*]?--Carl Linnaeus, named after him.)

Sweden

Tara
    $2000 26
Rimsky-Korsakov

Tara
    $2000 16
taxonomy

Rebecca

Scores at the end of the Double Jeopardy! Round:

Rebecca Tara Scott
$13,200 $7,400 $7,200

[wagering suggestions for these scores]

Final Jeopardy! Round responses

20th CENTURY NAMES
ScottWho is Evita Peron?
$7,100
TaraWho is Eva Peron?
$7,400
RebeccaWho is Eva Perón???
$1,800
Eva Perón

Final scores:

Rebecca Tara Scott
$15,000 $14,800 $14,300
5-day champion: $101,600 2nd place: $2,000 3rd place: $1,000

Game dynamics:

Coryat scores:

Rebecca Tara Scott
$16,800 $10,400 $7,200
22 R,
2 W
(including 1 DD)
16 R,
3 W
(including 1 DD)
13 R,
5 W

Combined Coryat: $34,400

The J! Archive is created by fans, for fans. The Jeopardy! game show and all elements thereof, including but not limited to copyright and trademark thereto, are the property of Jeopardy Productions, Inc. and are protected under law. This website is not affiliated with, sponsored by, or operated by Jeopardy Productions, Inc. Join the discussion at JBoard.tv.